Gaming Quiz

Random Gaming or Video Games Quiz
Score 0/10 Timer 04:00
0 Plays Today
% Correct
Pac-Man
97.5%
Candy Crush
87.6%
Donkey Kong
86.3%
Tomb Raider
84.3%
Super Mario Brothers
83.6%
Sonic the Hedgehog
74.8%
NBA Jam
73.6%
The Oregon Trail
71.7%
Street Fighter
70.4%
Mortal Kombat
53.1%
Remove Ads.
Support Sporcle.
Get the best of Sporcle when you Go Orange. This ad-free experience offers more features, more stats, and more fun while also helping to support Sporcle. Thank you for becoming a member.

You're not logged in!

Compare scores with friends on all Sporcle quizzes.
OR
Log In

Show Comments

Extras

Top Quizzes Today


Score Distribution

Your Account Isn't Verified!

In order to create a playlist on Sporcle, you need to verify the email address you used during registration. Go to your Sporcle Settings to finish the process.

Report this User

Report this user for behavior that violates our Community Guidelines.

Details: